Introduction to Criminalistics : the Foundation of Forensic Science / (Record no. 18796)

MARC details
000 -LEADER
fixed length control field 00568nam a22001817a 4500
005 - DATE AND TIME OF LATEST TRANSACTION
control field 20230622141820.0
008 - FIXED-LENGTH DATA ELEMENTS--GENERAL INFORMATION
fixed length control field 230622b |||||||| |||| 00| 0 eng d
020 ## - INTERNATIONAL STANDARD BOOK NUMBER
ISBN 9780120885916
082 ## - DEWEY DECIMAL CLASSIFICATION NUMBER
Classification number 363.25
Item number FIS-C
100 ## - MAIN ENTRY--AUTHOR
Author Name Fisher, Barry A. J
245 ## - TITLE STATEMENT
Title Introduction to Criminalistics : the Foundation of Forensic Science /
Remainder of title Fisher, Barry A. J.; Woytowicz, Catherine; Tilstone, William J.
260 ## - PUBLICATION, DISTRIBUTION, ETC.
Place of Publication China
Name of publisher, distributor, etc. Elsevier
Date of publication, distribution, etc. 2009
300 ## - PHYSICAL DESCRIPTION
Pages 321
500 ## - GENERAL NOTE
General note Include Index
650 ## - SUBJECT ADDED ENTRY--TOPICAL TERM
Subject / Department Medical
-- Forensic Science
700 ## - ADDED ENTRY--PERSONAL NAME
Personal name Fisher, Barry A. J

No items available.

Powered by Koha